[Event "Junior Online 4NCL Division 5"]
[Site "online"]
[Date "2021.01.21"]
[Round "1.54"]
[White "Siriwardana, Neil"]
[Black "Rolletta, Sofia"]
[Result "1-0"]
[WhiteElo "904"]
[BlackElo "1218"]
[PlyCount "69"]
[EventDate "2021.01.21"]
[WhiteTeam "KEGS C"]
[BlackTeam "Golden Falcons 1"]

1. d4 d5 2. Nf3 g6 3. e3 Bg7 4. Nc3 e6 5. e4 Ne7 6. exd5 Nxd5 7. Nxd5 exd5 8.
Bg5 Bf6 9. Bxf6 Qxf6 10. Bd3 Nc6 11. h3 Qe6+ 12. Be2 O-O 13. O-O b6 14. Re1 Qd6
15. Bb5 Qb4 16. Bxc6 Rb8 17. Bxd5 Qxb2 18. Ng5 Kg7 19. Qf3 Qxd4 20. Rad1 Qf6
21. Qxf6+ Kxf6 22. Nxh7+ Kg7 23. Nxf8 Kxf8 24. Bc6 Ba6 25. Rd7 Bc8 26. Rd8+ Kg7
27. Bd7 f5 28. Rxc8 Rxc8 29. Bxc8 Kf6 30. Rd1 g5 31. Rd7 Ke5 32. Rxc7 f4 33.
Rxa7 b5 34. Rb7 b4 35. Rxb4 1-0

[Event "Junior Online 4NCL Division 5"]
[Site "online"]
[Date "2021.01.21"]
[Round "1.55"]
[White "Innani, Nipun"]
[Black "Boikovs, Alexander"]
[Result "1-0"]
[WhiteElo "1000"]
[BlackElo "1500"]
[PlyCount "99"]
[EventDate "2021.01.21"]
[WhiteTeam "KEGS C"]
[BlackTeam "Golden Falcons 1"]

1. e4 c5 2. d4 cxd4 3. Qxd4 Nc6 4. Qd1 Nf6 5. Nc3 e6 6. Bg5 Be7 7. Nf3 d5 8.
exd5 exd5 9. Bf4 Nh5 10. Bd2 Bb4 11. Bb5 d4 12. Nxd4 Bxc3 13. Bxc3 Bd7 14. Nxc6
Bxc6 15. Bxc6+ bxc6 16. Qxh5 Qe7+ 17. Qe2 Qxe2+ 18. Kxe2 O-O-O 19. Bxg7 Rhg8
20. Bc3 Rxg2 21. h3 Re8+ 22. Kf3 Rg6 23. Rhe1 Rxe1 24. Rxe1 Rg5 25. Re8+ Kd7
26. Ra8 Rf5+ 27. Kg3 a5 28. Rxa5 Rxa5 29. Bxa5 Ke6 30. c4 Kf6 31. b4 Kg6 32. b5
cxb5 33. cxb5 f5 34. b6 Kg5 35. b7 f4+ 36. Kg2 h5 37. b8=Q h4 38. Bd8+ Kf5 39.
Qb5+ Ke4 40. f3+ Ke3 41. Qe5+ Kd2 42. Qxf4+ Kc2 43. a4 Kc3 44. a5 Kb3 45. a6
Kc3 46. a7 Kd3 47. a8=Q Kc3 48. Qc8+ Kb3 49. Qfb8+ Ka3 50. Qa6# 1-0

[Event "Junior Online 4NCL Division 5"]
[Site "online"]
[Date "2021.01.21"]
[Round "1.56"]
[White "Jakovlev, Mark"]
[Black "Lankothu, Sushant"]
[Result "0-1"]
[WhiteElo "1451"]
[BlackElo "1000"]
[PlyCount "108"]
[EventDate "2021.01.21"]
[WhiteTeam "Golden Falcons 1"]
[BlackTeam "KEGS C"]

1. d4 d5 2. e3 Bf5 3. f4 e6 4. h3 Nf6 5. g4 Be4 6. Bg2 Bxg2 7. Rh2 Be4 8. g5
Nfd7 9. Ne2 Bf3 10. Qd2 Bxe2 11. Rxe2 h6 12. gxh6 Rxh6 13. Rh2 Nc6 14. h4 Bb4
15. c3 Bd6 16. e4 dxe4 17. Qg2 Qf6 18. Be3 O-O-O 19. Nd2 Rg8 20. Nxe4 Qg6 21.
Qh1 Nf6 22. Ng5 Nh7 23. h5 Qf5 24. a4 Nxg5 25. fxg5 Bxh2 26. gxh6 Bg3+ 27. Kd2
gxh6 28. Bxh6 Qf2+ 29. Kd1 Qxb2 30. Rc1 Na5 31. Qf1 f5 32. d5 Nb3 33. Rc2 Qb1+
34. Rc1 Nxc1 35. dxe6 Rd8+ 36. Bd2 Nb3+ 37. Ke2 Qxf1+ 38. Kxf1 Rxd2 39. e7 Kd7
40. h6 Ke8 41. h7 Rh2 42. Kg1 Kxe7 43. h8=Q Rxh8 44. Kg2 Bd6 45. Kf3 Rh4 46.
Ke3 f4+ 47. Kd3 f3 48. Ke3 Rf4 49. Kf2 Bc5+ 50. Kg3 Rf8 51. a5 f2 52. Kg2 f1=Q+
53. Kg3 Qg1+ 54. Kh3 Rh8# 0-1

[Event "Junior Online 4NCL Division 5"]
[Site "online"]
[Date "2021.01.21"]
[Round "1.57"]
[White "Jinturkar, Paras"]
[Black "Shelest, Sergei"]
[Result "1-0"]
[WhiteElo "1000"]
[BlackElo "1451"]
[PlyCount "25"]
[EventDate "2021.01.21"]
[WhiteTeam "KEGS C"]
[BlackTeam "Golden Falcons 1"]

1. e4 e5 2. Bc4 Nc6 3. Qf3 Nf6 4. Nh3 Nd4 5. Qd1 d5 6. exd5 Nxd5 7. c3 Nf5 8.
Qf3 Nb6 9. g4 Ne7 10. Qxf7+ Kd7 11. Ng5 Nxc4 12. Qxc4 Nc6 13. Qe6# 1-0

[Event "Junior Online 4NCL Division 5"]
[Site "online"]
[Date "2021.01.21"]
[Round "1.58"]
[White "Rolletta, Sofia"]
[Black "Siriwardana, Neil"]
[Result "0-1"]
[WhiteElo "1218"]
[BlackElo "904"]
[PlyCount "106"]
[EventDate "2021.01.21"]
[WhiteTeam "Golden Falcons 1"]
[BlackTeam "KEGS C"]

1. d4 d5 2. e3 Nf6 3. Bb5+ Nfd7 4. Bxd7+ Bxd7 5. Ne2 Nc6 6. O-O g6 7. b3 Bg7 8.
Bb2 O-O 9. c3 e6 10. Nd2 Qe8 11. c4 b6 12. cxd5 exd5 13. Ba3 Ne7 14. Qc2 Qd8
15. Bxe7 Qxe7 16. Qxc7 Rfc8 17. Qf4 Rc2 18. Rfd1 Bb5 19. Ng3 Rac8 20. e4 dxe4
21. Qxe4 Qxe4 22. Ndxe4 Rd8 23. Rac1 Rxc1 24. Rxc1 Bxd4 25. a4 Bc6 26. Rxc6 Be5
27. Nf6+ Kg7 28. Ng4 Bb2 29. f4 Rd1+ 30. Kf2 Bd4+ 31. Ke2 Rb1 32. f5 Rxb3 33.
Ne4 gxf5 34. Nd2 Ra3 35. Nc4 Ra2+ 36. Kd3 Bc5 37. Rc7 fxg4 38. Rxa7 Rxg2 39.
Rc7 Rxh2 40. Rb7 Rh3+ 41. Ke4 g3 42. Kf3 Kg6 43. Nxb6 Bxb6 44. Rxb6+ Kh5 45. a5
Kh4 46. a6 Rh1 47. a7 Rf1+ 48. Ke4 Re1+ 49. Kf3 Rf1+ 50. Kg2 Rf2+ 51. Kg1 Ra2
52. Rh6+ Kg4 53. Rh4+ Kxh4 0-1

[Event "Junior Online 4NCL Division 5"]
[Site "online"]
[Date "2021.01.21"]
[Round "1.61"]
[White "Markov, Tijana"]
[Black "Reeves, Hollyann"]
[Result "0-1"]
[WhiteElo "1015"]
[BlackElo "1581"]
[PlyCount "70"]
[EventDate "2021.01.21"]
[WhiteTeam "Maidenhead Juniors 5"]
[BlackTeam "Wolfpack Juniors"]

1. e4 e5 2. Nf3 Nc6 3. Bc4 Bc5 4. Nc3 Nf6 5. d3 d6 6. Bg5 h6 7. Be3 Nd4 8. Bxd4
exd4 9. Nd5 c6 10. Nxf6+ Qxf6 11. O-O Bg4 12. h3 Bh5 13. g4 Bg6 14. Kg2 h5 15.
g5 Qe7 16. Re1 O-O 17. e5 d5 18. Bb3 h4 19. Qd2 Bh5 20. Nxh4 Bb4 21. c3 dxc3
22. bxc3 Bxc3 23. Qxc3 Qxg5+ 24. Kf1 Qxh4 25. Re3 d4 26. Qd2 dxe3 27. Qxe3 Rae8
28. d4 Rd8 29. d5 cxd5 30. Qd3 d4 31. Bc2 Bg6 32. Qb3 Bxc2 33. Qxc2 Qxh3+ 34.
Ke1 Qh1+ 35. Kd2 Qxa1 0-1

[Event "Junior Online 4NCL Division 5"]
[Site "online"]
[Date "2021.01.21"]
[Round "1.62"]
[White "Marsden, Rupert"]
[Black "Kota, Ashwath Kumar"]
[Result "1-0"]
[WhiteElo "1465"]
[BlackElo "973"]
[PlyCount "63"]
[EventDate "2021.01.21"]
[WhiteTeam "Wolfpack Juniors"]
[BlackTeam "Maidenhead Juniors 5"]

1. d4 d5 2. c4 Nf6 3. Nc3 e6 4. Bf4 Nc6 5. e3 Bd6 6. Bg3 O-O 7. Nf3 Ne4 8. c5
Bxg3 9. hxg3 Bd7 10. Bd3 Nxc3 11. Bxh7+ Kh8 12. bxc3 Qf6 13. Qc2 Rfd8 14. Ke2
Ne7 15. Rh2 Bb5+ 16. Kd2 Ng8 17. a4 Bc4 18. Bd3+ Nh6 19. Bxc4 dxc4 20. Rah1 e5
21. g4 exd4 22. cxd4 Kg8 23. g5 Qa6 24. gxh6 Qa5+ 25. Kd1 Qb4 26. hxg7 Kxg7 27.
Rh7+ Kf6 28. R1h6+ Ke7 29. Ne5 Qb3 30. Qxb3 cxb3 31. Rxf7+ Ke8 32. Rh8# 1-0

[Event "Junior Online 4NCL Division 5"]
[Site "online"]
[Date "2021.01.21"]
[Round "1.63"]
[White "Anchan, Arjun"]
[Black "Harris, Callum"]
[Result "0-1"]
[WhiteElo "940"]
[BlackElo "1383"]
[PlyCount "64"]
[EventDate "2021.01.21"]
[WhiteTeam "Maidenhead Juniors 5"]
[BlackTeam "Wolfpack Juniors"]

1. e4 e5 2. Nf3 Nc6 3. Bc4 Bc5 4. O-O d6 5. a3 Bg4 6. h3 Bxf3 7. Qxf3 Qf6 8.
Qxf6 Nxf6 9. d3 Nd4 10. Nd2 Nxc2 11. Rb1 Nd4 12. b4 Ne2+ 13. Kh1 Bb6 14. a4 a6
15. a5 Ba7 16. Nf3 O-O 17. Bd2 Nd4 18. Nxd4 Bxd4 19. f3 Nh5 20. Kh2 Nf4 21.
Bxf4 exf4 22. Rfd1 c6 23. Rdc1 Rfd8 24. Rc2 Rac8 25. Ba2 b5 26. Rb3 d5 27. Kh1
dxe4 28. dxe4 Be3 29. Rbc3 Rd1+ 30. Kh2 Bg1+ 31. Kh1 Bf2+ 32. Kh2 Bg3# 0-1

[Event "Junior Online 4NCL Division 5"]
[Site "online"]
[Date "2021.01.21"]
[Round "1.64"]
[White "Mahadevan, Rohit"]
[Black "Paw, Henry"]
[Result "1/2-1/2"]
[WhiteElo "1158"]
[BlackElo "873"]
[PlyCount "95"]
[EventDate "2021.01.21"]
[WhiteTeam "Wolfpack Juniors"]
[BlackTeam "Maidenhead Juniors 5"]

1. e4 e5 2. Nf3 Nc6 3. Bc4 Bc5 4. d3 d6 5. Ng5 Nh6 6. a4 O-O 7. h3 Re8 8. O-O
Be6 9. Nxe6 fxe6 10. Bxh6 gxh6 11. Qg4+ Qg5 12. Bxe6+ Kf8 13. Qxg5 hxg5 14. Bd7
Red8 15. Bxc6 bxc6 16. Nc3 Rab8 17. Rab1 Kg8 18. Ne2 Rd7 19. Ng3 d5 20. Nh5 Rf7
21. Ng3 Bb6 22. Nf5 Rff8 23. Ne7+ Kf7 24. Nxc6 Rbe8 25. a5 Bc5 26. exd5 h5 27.
b4 Bd4 28. Nxd4 exd4 29. Rbe1 Rxe1 30. Rxe1 Rd8 31. Re5 Kf6 32. Re6+ Kf5 33.
Re7 Rxd5 34. Rxc7 g4 35. hxg4+ hxg4 36. Rxa7 Re5 37. a6 Re1+ 38. Kh2 Rf1 39.
Ra8 Rxf2 40. Rf8+ Ke5 41. Rxf2 Kd5 42. a7 Kc6 43. a8=Q+ Kb5 44. Rf5+ Kxb4 45.
Qb8+ Kc3 46. Qb3+ Kd2 47. Rf2+ Ke3 48. Kg3 1/2-1/2

[Event "Junior Online 4NCL Division 5"]
[Site "online"]
[Date "2021.01.21"]
[Round "1.65"]
[White "Reeves, Hollyann"]
[Black "Markov, Tijana"]
[Result "1-0"]
[WhiteElo "1581"]
[BlackElo "1015"]
[PlyCount "87"]
[EventDate "2021.01.21"]
[WhiteTeam "Wolfpack Juniors"]
[BlackTeam "Maidenhead Juniors 5"]

1. e4 e5 2. Nf3 Nc6 3. Bc4 Bc5 4. Nc3 d6 5. d3 Nf6 6. Bg5 O-O 7. Nd5 Nxd5 8.
Bxd8 Rxd8 9. Bxd5 Nd4 10. Nxd4 Bxd4 11. Qf3 Rf8 12. c3 Bc5 13. O-O c6 14. Bc4
b5 15. Bb3 a5 16. a4 bxa4 17. Bxa4 Bb7 18. Rfd1 f6 19. Bb3+ Kh8 20. d4 exd4 21.
cxd4 Bb4 22. Bc2 Rfe8 23. Qh3 Bc8 24. g4 h6 25. e5 dxe5 26. Qd3 f5 27. gxf5
exd4 28. f6 Kg8 29. Qh7+ Kf7 30. Qxg7+ Ke6 31. f7 Re7 32. f8=Q Rxg7+ 33. Qxg7
Ba6 34. Bb3+ Kd6 35. Qxd4+ Kc7 36. Qd7+ Kb6 37. Rac1 Rg8+ 38. Kh1 c5 39. Bxg8
Bb7+ 40. Kg1 Bc6 41. Qd8+ Kb5 42. Qb8+ Ka4 43. Ra1+ Ba3 44. Rxa3# 1-0

[Event "Junior Online 4NCL Division 5"]
[Site "online"]
[Date "2021.01.21"]
[Round "1.66"]
[White "Kota, Ashwath Kumar"]
[Black "Marsden, Rupert"]
[Result "1-0"]
[WhiteElo "973"]
[BlackElo "1465"]
[PlyCount "63"]
[EventDate "2021.01.21"]
[WhiteTeam "Maidenhead Juniors 5"]
[BlackTeam "Wolfpack Juniors"]

1. d4 Nf6 2. Bf4 d5 3. Nf3 Bf5 4. Nbd2 e6 5. e3 c5 6. c3 Nc6 7. Bb5 a6 8. Be2
c4 9. Ne5 Nxe5 10. dxe5 Nd7 11. e4 dxe4 12. Nxc4 g5 13. Bg3 h5 14. Bxh5 b5 15.
Nd6+ Bxd6 16. exd6 Nf6 17. Be2 Qb6 18. Be5 Rh6 19. Qd2 Nh7 20. O-O-O f6 21. d7+
Ke7 22. Bd6+ Kd8 23. h4 Ra7 24. Be7+ Kxe7 25. d8=Q+ Qxd8 26. Qxd8+ Kf7 27. Rd7+
Rxd7 28. Qxd7+ Kg6 29. h5+ Rxh5 30. Bxh5+ Kh6 31. Be8+ Bh3 32. Rxh3# 1-0

[Event "Junior Online 4NCL Division 5"]
[Site "online"]
[Date "2021.01.21"]
[Round "1.67"]
[White "Harris, Callum"]
[Black "Anchan, Arjun"]
[Result "1-0"]
[WhiteElo "1383"]
[BlackElo "940"]
[PlyCount "107"]
[EventDate "2021.01.21"]
[WhiteTeam "Wolfpack Juniors"]
[BlackTeam "Maidenhead Juniors 5"]

1. e4 b6 2. Nc3 Bb7 3. d4 e6 4. Bd3 Bb4 5. Bd2 Be7 6. Nf3 d6 7. Qe2 Nf6 8. O-O
O-O 9. e5 dxe5 10. Nxe5 Bd6 11. Ng4 Nc6 12. Be3 Nxg4 13. Qxg4 f5 14. Qh3 Qe7
15. f4 Nb4 16. Bd2 Nxd3 17. Qxd3 Qf7 18. Nb5 Ba6 19. c4 Bb7 20. Nxd6 cxd6 21.
Bb4 Qg6 22. g3 Rfd8 23. d5 exd5 24. cxd5 Qf7 25. Rad1 a5 26. Bc3 Ba6 27. Qd2
Bxf1 28. Rxf1 Rdc8 29. Re1 Rc5 30. Re6 Rd8 31. b4 axb4 32. Bxb4 Rc7 33. Bxd6
Rxd6 34. Rxd6 Qf8 35. Rxb6 Qc5+ 36. Qf2 Qxf2+ 37. Kxf2 Rc2+ 38. Kg1 Rxa2 39.
Rb7 Ra1+ 40. Kg2 Rd1 41. Rd7 Kf8 42. d6 h6 43. Kh3 Ke8 44. Rxg7 Rxd6 45. Rh7
Kf8 46. Kh4 Kg8 47. Ra7 Rd2 48. h3 Rd6 49. g4 fxg4 50. hxg4 Rd4 51. f5 Rd1 52.
Kh5 Rh1+ 53. Kg6 Rg1 54. Ra8# 1-0

[Event "Junior Online 4NCL Division 5"]
[Site "online"]
[Date "2021.01.21"]
[Round "1.68"]
[White "Paw, Henry"]
[Black "Mahadevan, Rohit"]
[Result "0-1"]
[WhiteElo "873"]
[BlackElo "1158"]
[PlyCount "82"]
[EventDate "2021.01.21"]
[WhiteTeam "Maidenhead Juniors 5"]
[BlackTeam "Wolfpack Juniors"]

1. e4 e5 2. Nf3 Nc6 3. Bc4 Bc5 4. d3 Nf6 5. Nc3 d6 6. Bg5 h6 7. Bxf6 Qxf6 8.
Nd5 Qd8 9. O-O O-O 10. Re1 Ne7 11. Nxe7+ Qxe7 12. d4 exd4 13. Nxd4 Bb4 14. c3
Bc5 15. Nf5 Bxf5 16. exf5 Bxf2+ 17. Kxf2 Qh4+ 18. Kf1 Qxc4+ 19. Kg1 Qc5+ 20.
Qd4 Qxf5 21. Rf1 Qd7 22. Rae1 c5 23. Qf4 Rae8 24. Rxe8 Rxe8 25. b4 Re2 26. bxc5
dxc5 27. Qb8+ Kh7 28. Qxa7 Qd5 29. Rf2 Re1+ 30. Rf1 Qd1 31. Kf2 Rxf1+ 32. Kg3
Qd3+ 33. Kg4 Qe4+ 34. Kg3 Qf4+ 35. Kh3 Qf5+ 36. Kg3 Qf2+ 37. Kh3 Qe3+ 38. g3
Qe6+ 39. Kg2 Qe2+ 40. Kh3 g5 41. g4 Rf3# 0-1

[Event "Junior Online 4NCL Division 5"]
[Site "online"]
[Date "2021.01.21"]
[Round "1.71"]
[White "Bazan, Mateusz"]
[Black "Dhaliwal, Simrun Kaur"]
[Result "1-0"]
[WhiteElo "1457"]
[BlackElo "1028"]
[PlyCount "93"]
[EventDate "2021.01.21"]
[WhiteTeam "Charlton Juniors"]
[BlackTeam "Edgware Gambits J"]

1. d4 d5 2. c4 Nf6 3. Nc3 dxc4 4. e4 Nc6 5. d5 Ne5 6. Bf4 Ng6 7. Bg3 Bg4 8. f3
Bh5 9. Bxc4 a6 10. a4 Nd7 11. b4 Nge5 12. Bxe5 Nxe5 13. Bb3 g5 14. Nge2 g4 15.
f4 Nd7 16. Ng3 Bg6 17. f5 Rg8 18. fxg6 Rxg6 19. O-O Bg7 20. Rc1 Ne5 21. b5 a5
22. Nce2 b6 23. Nf4 Rg5 24. Nd3 Nxd3 25. Qxd3 Bb2 26. Rc2 Ba3 27. Ra2 Bc5+ 28.
Kh1 Qd7 29. Rf5 h6 30. Ra1 Qd6 31. Raf1 f6 32. Rxg5 hxg5 33. Nf5 Qe5 34. Qg3
Qxg3 35. Nxg3 Kd7 36. Nf5 Rh8 37. g3 Ke8 38. Ng7+ Kf7 39. Ne6 Bd6 40. Kg2 Be5
41. Rc1 Rh7 42. Nxc7 Bxc7 43. Rxc7 Rh6 44. d6+ Kg6 45. dxe7 Kh5 46. e8=Q+ Rg6
47. Rh7# 1-0

[Event "Junior Online 4NCL Division 5"]
[Site "online"]
[Date "2021.01.21"]
[Round "1.72"]
[White "Pang, Ethan"]
[Black "Verbytski, Oleg"]
[Result "0-1"]
[WhiteElo "925"]
[BlackElo "1336"]
[PlyCount "86"]
[EventDate "2021.01.21"]
[WhiteTeam "Edgware Gambits J"]
[BlackTeam "Charlton Juniors"]

1. e4 c5 2. Nf3 d6 3. Bc4 a6 4. O-O e6 5. h3 b5 6. Be2 Bb7 7. Nc3 b4 8. Na4
Bxe4 9. d3 Bc6 10. b3 Nf6 11. Bg5 Be7 12. Re1 O-O 13. d4 Bxa4 14. bxa4 Nc6 15.
dxc5 dxc5 16. Qxd8 Rfxd8 17. Rac1 Rd7 18. Rcd1 Nd5 19. Bxe7 Ncxe7 20. Ne5 Rdd8
21. Bc4 a5 22. Bxd5 Nxd5 23. Nc6 Rd6 24. Ne7+ Kf8 25. Nxd5 Rxd5 26. Rxd5 exd5
27. Rd1 d4 28. c4 dxc3 29. Rc1 Rd8 30. Kh2 c4 31. Rc2 b3 32. axb3 cxb3 33. Rxc3
b2 34. Rb3 Rd2 35. Rb8+ Ke7 36. Rb7+ Kd6 37. Rb6+ Kc5 38. Rb5+ Kc4 39. Rb7 Kc3
40. Kg1 Kc2 41. Kh2 Rd3 42. g3 Rb3 43. Rxb3 Kxb3 0-1

[Event "Junior Online 4NCL Division 5"]
[Site "online"]
[Date "2021.01.21"]
[Round "1.73"]
[White "Williams, Alex"]
[Black "Tulsiani, Aarav"]
[Result "1-0"]
[WhiteElo "1000"]
[BlackElo "910"]
[PlyCount "73"]
[EventDate "2021.01.21"]
[WhiteTeam "Charlton Juniors"]
[BlackTeam "Edgware Gambits J"]

1. d4 e6 2. e4 Nc6 3. Nf3 d5 4. e5 Nf6 5. exf6 Bd6 6. fxg7 Rg8 7. Bh6 Bd7 8.
Bd3 Nb4 9. Bxh7 Qf6 10. Qd2 Bf4 11. Qxf4 Qxf4 12. Bxf4 Rxg7 13. Bd3 O-O-O 14.
O-O Rg4 15. Bg3 c5 16. dxc5 f5 17. h3 Nxd3 18. cxd3 Rg7 19. b4 b6 20. cxb6 axb6
21. a4 Rdg8 22. Rc1+ Kb7 23. Rc7+ Kb8 24. Rc2+ Ka8 25. a5 bxa5 26. bxa5 Bb5 27.
d4 e5 28. Bxe5 Rxg2+ 29. Kh1 Be8 30. a6 Bh5 31. Nbd2 Bxf3 32. Nxf3 f4 33. a7
R2g6 34. Rb2 Rd6 35. Bxd6 Rd8 36. Rb8+ Rxb8 37. axb8=Q# 1-0

[Event "Junior Online 4NCL Division 5"]
[Site "online"]
[Date "2021.01.21"]
[Round "1.74"]
[White "Soni, Gia"]
[Black "Gao, Alex"]
[Result "0-1"]
[WhiteElo "850"]
[BlackElo "901"]
[PlyCount "36"]
[EventDate "2021.01.21"]
[WhiteTeam "Edgware Gambits J"]
[BlackTeam "Charlton Juniors"]

1. e4 e5 2. Nf3 Nc6 3. Bc4 Nf6 4. d3 Bc5 5. Bg5 h6 6. Bh4 O-O 7. O-O g5 8. Nxg5
hxg5 9. Bxg5 Kh7 10. Nc3 Rg8 11. Qc1 Be7 12. Nd5 Nxd5 13. Bxe7 Ndxe7 14. Bxf7
Rg7 15. Bc4 d5 16. exd5 Nxd5 17. Bxd5 Qxd5 18. Rd1 Qxg2# 0-1

[Event "Junior Online 4NCL Division 5"]
[Site "online"]
[Date "2021.01.21"]
[Round "1.75"]
[White "Dhaliwal, Simrun Kaur"]
[Black "Bazan, Mateusz"]
[Result "1/2-1/2"]
[WhiteElo "1028"]
[BlackElo "1457"]
[PlyCount "122"]
[EventDate "2021.01.21"]
[WhiteTeam "Edgware Gambits J"]
[BlackTeam "Charlton Juniors"]

1. e4 e6 2. d4 d5 3. Nc3 dxe4 4. Nxe4 Nf6 5. Nc3 b6 6. Nf3 Bb7 7. Bf4 Bd6 8.
Ne5 Nc6 9. Bb5 Bxe5 10. Bxe5 O-O 11. O-O Nxe5 12. dxe5 Nd5 13. Nxd5 Qxd5 14.
Qxd5 Bxd5 15. Rad1 Rfd8 16. b3 a6 17. Bd3 Bb7 18. f4 b5 19. f5 exf5 20. Rxf5
Rd5 21. c4 bxc4 22. bxc4 Rd4 23. Rf3 Rad8 24. Rh3 g6 25. Kf1 Rxc4 26. Bxc4
Rxd1+ 27. Kf2 Rd2+ 28. Ke3 Rxg2 29. e6 fxe6 30. Bxe6+ Kg7 31. Rf3 Bxf3 32. Kxf3
Rxh2 33. Ke4 Rd2 34. Ke5 c5 35. Kf4 Rd4+ 36. Ke5 Rd1 37. Ke4 Kf6 38. Bb3 g5 39.
Bxd1 h6 40. Kf3 h5 41. Be2 a5 42. Ke3 Kf5 43. Bxh5 g4 44. Kf2 Kf4 45. Bf7 Ke4
46. Kg3 Kf5 47. Kg2 Kf4 48. Bg8 Kf5 49. Bc4 Kf4 50. Be2 Ke3 51. Bxg4 Kd3 52.
Be6 Kc3 53. Kf2 Kd3 54. Ke1 c4 55. Bf5+ Kc3 56. Kd1 Kb2 57. Be6 c3 58. Bb3 c2+
59. Bxc2 Kxa2 60. Kc1 Ka3 61. Kb1 Kb4 1/2-1/2

[Event "Junior Online 4NCL Division 5"]
[Site "online"]
[Date "2021.01.21"]
[Round "1.76"]
[White "Verbytski, Oleg"]
[Black "Pang, Ethan"]
[Result "1-0"]
[WhiteElo "1336"]
[BlackElo "925"]
[PlyCount "67"]
[EventDate "2021.01.21"]
[WhiteTeam "Charlton Juniors"]
[BlackTeam "Edgware Gambits J"]

1. e4 e5 2. Bc4 Nf6 3. Nf3 Nxe4 4. Nxe5 Qe7 5. Qh5 g6 6. Bxf7+ Kd8 7. Bxg6 Bg7
8. Bxe4 Bxe5 9. O-O d6 10. Nc3 Bd7 11. d3 Be8 12. Qf5 Rf8 13. Bg5 Rxf5 14.
Bxe7+ Kxe7 15. Bxf5 Kf6 16. Bxh7 d5 17. Nxd5+ Kg7 18. Rae1 Bxb2 19. Re7+ Kf8
20. g4 Ba3 21. Rxc7 Bf7 22. Nf6 Bd6 23. Rxb7 Kg7 24. g5 Be5 25. Be4 Bxf6 26.
gxf6+ Kxf6 27. Rxf7+ Kxf7 28. Bxa8 Nd7 29. Re1 Nc5 30. d4 Nd7 31. d5 Nf6 32. d6
Nd7 33. Re7+ Kf6 34. Rxd7 1-0

[Event "Junior Online 4NCL Division 5"]
[Site "online"]
[Date "2021.01.21"]
[Round "1.77"]
[White "Tulsiani, Aarav"]
[Black "Williams, Alex"]
[Result "0-1"]
[WhiteElo "910"]
[BlackElo "1000"]
[PlyCount "96"]
[EventDate "2021.01.21"]
[WhiteTeam "Edgware Gambits J"]
[BlackTeam "Charlton Juniors"]

1. e4 e5 2. Nf3 Nc6 3. Bc4 Bc5 4. O-O d6 5. Nc3 Bg4 6. d3 Nge7 7. Bg5 h6 8. Bd2
O-O 9. a3 Nd4 10. Nb5 Nxf3+ 11. gxf3 Bh3 12. Kh1 Ng6 13. Rg1 Bxf2 14. Rc1 Bxg1
15. Qxg1 Kh7 16. Qg3 Qh4 17. Rg1 Qxg3 18. Rxg3 Bd7 19. Nxc7 Rac8 20. Nb5 Bxb5
21. Bxb5 Rxc2 22. Ba4 Rxd2 23. Rg2 Rxd3 24. Bc2 Rxf3 25. Bd1 Re3 26. Re2 Rxe2
27. Bxe2 Nf4 28. Bc4 f5 29. b4 fxe4 30. b5 e3 31. Kg1 d5 32. Bb3 e2 33. Kf2 d4
34. Bc4 d3 35. a4 d2 36. Bxe2 Nxe2+ 37. Kxe2 d1=Q+ 38. Kxd1 Rf1+ 39. Ke2 Rh1
40. Kd3 Rxh2 41. Kc4 e4 42. Kb4 e3 43. a5 e2 44. a6 e1=Q+ 45. Kc5 b6+ 46. Kc6
Rc2+ 47. Kb7 Qe7+ 48. Ka8 Rc8# 0-1

[Event "Junior Online 4NCL Division 5"]
[Site "online"]
[Date "2021.01.21"]
[Round "1.78"]
[White "Gao, Alex"]
[Black "Soni, Gia"]
[Result "0-1"]
[WhiteElo "901"]
[BlackElo "850"]
[PlyCount "52"]
[EventDate "2021.01.21"]
[WhiteTeam "Charlton Juniors"]
[BlackTeam "Edgware Gambits J"]

1. e4 e5 2. Nf3 Nc6 3. Bc4 Nf6 4. d3 h6 5. c3 Bc5 6. d4 Bd6 7. d5 Ne7 8. Be3
O-O 9. Nbd2 c6 10. dxc6 dxc6 11. Qb3 Bg4 12. O-O-O b5 13. Be2 Be6 14. c4 Bc7
15. Nf1 Qb8 16. Qc3 Nxe4 17. Qd3 Bf5 18. Qb3 Rd8 19. N1d2 Nxd2 20. Nxd2 Ba5 21.
cxb5 cxb5 22. Nb1 Rc8+ 23. Nc3 Bxc3 24. bxc3 b4 25. Bd2 bxc3 26. Qxb8 Raxb8 0-1

[Event "Junior Online 4NCL Division 5"]
[Site "online"]
[Date "2021.01.21"]
[Round "1.81"]
[White "Yankov, Victor"]
[Black "Longia-Zaidi, Ismail"]
[Result "0-1"]
[WhiteElo "985"]
[BlackElo "1608"]
[PlyCount "54"]
[EventDate "2021.01.21"]
[WhiteTeam "MCS Tenners B"]
[BlackTeam "Desert Penguins Saturn"]

1. e4 c5 2. d4 cxd4 3. c3 dxc3 4. Nxc3 d6 5. Nf3 Nf6 6. Bc4 e6 7. O-O a6 8. e5
dxe5 9. Nxe5 Qxd1 10. Rxd1 Be7 11. Be3 O-O 12. Rd4 b5 13. Bb3 Bb7 14. Ne2 Nc6
15. Rd3 Nxe5 16. f3 Nxd3 17. Bd4 Bc5 18. Rd1 Bxd4+ 19. Nxd4 Nc5 20. Bc2 Rfd8
21. Bb1 e5 22. Nf5 Rxd1+ 23. Kf2 Rxb1 24. Nd6 Rxb2+ 25. Kf1 Bc6 26. h3 Rd8 27.
Nf5 Rd1# 0-1

[Event "Junior Online 4NCL Division 5"]
[Site "online"]
[Date "2021.01.21"]
[Round "1.82"]
[White "Dane, Antony"]
[Black "Parekh, Cole"]
[Result "1-0"]
[WhiteElo "1382"]
[BlackElo "937"]
[PlyCount "107"]
[EventDate "2021.01.21"]
[WhiteTeam "Desert Penguins Saturn"]
[BlackTeam "MCS Tenners B"]

1. d4 d5 2. c4 dxc4 3. e3 e6 4. Bxc4 Bb4+ 5. Bd2 Bxd2+ 6. Qxd2 Ne7 7. Nf3 O-O
8. Nc3 Nbc6 9. O-O e5 10. d5 Nb4 11. e4 c6 12. Nxe5 b5 13. Bb3 cxd5 14. exd5
Bb7 15. d6 Nec6 16. Nxc6 Bxc6 17. a3 Na6 18. Bd5 Bxd5 19. Qxd5 Nc7 20. dxc7
Qxc7 21. Qxb5 Rab8 22. Qe2 Rfe8 23. Qc2 Re5 24. Rac1 Rh5 25. g3 Rc8 26. Rfe1
Re5 27. Rxe5 Qxe5 28. Qe4 Qxe4 29. Nxe4 Rxc1+ 30. Kg2 Rc4 31. Nc3 Rc6 32. Kf3
Ra6 33. Ke3 Rb6 34. b4 Re6+ 35. Kd4 h5 36. Nb5 a6 37. Nc7 Rd6+ 38. Kc5 Re6 39.
Nxe6 fxe6 40. Kb6 g5 41. Kxa6 h4 42. gxh4 gxh4 43. b5 e5 44. b6 e4 45. b7 e3
46. fxe3 h3 47. b8=Q+ Kh7 48. Qg3 Kh8 49. Kb6 Kh7 50. Kc6 Kh8 51. Kd7 Kh7 52.
Ke7 Kh8 53. Kf7 Kh7 54. Qg7# 1-0

[Event "Junior Online 4NCL Division 5"]
[Site "online"]
[Date "2021.01.21"]
[Round "1.83"]
[White "Large, Marcus"]
[Black "Bharat Kumar, Balahari"]
[Result "0-1"]
[WhiteElo "903"]
[BlackElo "1217"]
[PlyCount "56"]
[EventDate "2021.01.21"]
[WhiteTeam "MCS Tenners B"]
[BlackTeam "Desert Penguins Saturn"]

1. e4 c5 2. Nf3 d6 3. d4 cxd4 4. Nxd4 Nf6 5. Nc3 a6 6. Be3 e6 7. g3 Be7 8. Bg2
O-O 9. O-O Qc7 10. Qd2 Rd8 11. Rfe1 Nc6 12. Nxc6 bxc6 13. Bf4 Nh5 14. e5 Nxf4
15. Qxf4 d5 16. Rad1 Bb7 17. a3 Rac8 18. Rd3 c5 19. b4 cxb4 20. axb4 Qc4 21.
Rf3 Qxf4 22. Rxf4 Rxc3 23. Rb1 Rxc2 24. Rf3 d4 25. Bf1 Bxf3 26. Bxa6 h6 27. Bd3
Rc3 28. Bc4 Rxc4 0-1

[Event "Junior Online 4NCL Division 5"]
[Site "online"]
[Date "2021.01.21"]
[Round "1.84"]
[White "Mo, Alex"]
[Black "King Bravo, Tomas"]
[Result "1-0"]
[WhiteElo "1285"]
[BlackElo "846"]
[PlyCount "109"]
[EventDate "2021.01.21"]
[WhiteTeam "Desert Penguins Saturn"]
[BlackTeam "MCS Tenners B"]

1. e4 d5 2. exd5 Qxd5 3. Nc3 Qd8 4. d3 Bf5 5. Nf3 Nf6 6. Bf4 e6 7. Be2 Be7 8.
O-O O-O 9. a3 Nbd7 10. Re1 Nb6 11. Qd2 h6 12. Bf1 c6 13. g3 Bg4 14. Bg2 Nbd5
15. Nxd5 Nxd5 16. Be5 Bd6 17. Bxd6 Qxd6 18. Ne5 Bf5 19. Nc4 Qc5 20. Ne3 Nxe3
21. Rxe3 Qd4 22. c3 Qf6 23. Rae1 Rfd8 24. d4 Re8 25. Qe2 Bg6 26. Be4 Rad8 27.
Bxg6 Qxg6 28. Kg2 Qf5 29. Rf3 Qd5 30. Qe5 Re7 31. Qxd5 Rxd5 32. Rfe3 b5 33. Re5
Rxe5 34. Rxe5 f6 35. Rc5 Rc7 36. Kf3 Kf7 37. Ke3 f5 38. Kf4 Kf6 39. h3 g5+ 40.
Kf3 h5 41. Ke3 g4 42. hxg4 hxg4 43. f3 gxf3 44. Kxf3 Kg5 45. Re5 Kf6 46. Kf4 a6
47. b3 Rg7 48. Rc5 Rc7 49. c4 bxc4 50. bxc4 Ke7 51. Ke5 Kd7 52. Ra5 Ra7 53. d5
cxd5 54. cxd5 Ke7 55. dxe6 1-0